00484 2200193 4500245005100000020001800051250001100069100002100080700001900101700002200120650001700142005001900159260003100178041001400209084001300223300003400236336000900270338001100279 aElectric Daisy Vol. 16cMotomi, KyousukehText a9786023391776 aCet. 1 aMotomi, Kyousuke aFebby Ismiyati aDian Indrinuswati aKomik Jepang a20230206082420 aJakartabPT Gramediac2015 aIndonesia a741.5592 a... jil. :bilus. ;c17,5 cm. atext avolume